[Event "XXV Miedzynarodowy Turniej im. Tadeusza "]
[Site "Police"]
[Date "2010.07.10"]
[Round "5.19"]
[White "Maliszewski, Jaroslaw"]
[Black "Zschaebitz, Klaus"]
[Result "0-1"]
[WhiteElo "1871"]
[BlackElo "2084"]
[PlyCount "152"]
[EventDate "2010.??.??"]

1. c4 e6 2. e4 d5 3. exd5 exd5 4. cxd5 Nf6 5. Bb5+ Nbd7 6. Nc3 Be7 7. d4 O-O 8.
Bxd7 Qxd7 9. Qf3 Bb4 10. Nge2 Qxd5 11. Qxd5 Nxd5 12. Bd2 Rd8 13. O-O c6 14.
Rad1 Bf8 15. a3 Bf5 16. Ng3 Bc2 17. Rc1 Bb3 18. Nce4 Nb6 19. Be3 Na4 20. Nc5
Nxc5 21. dxc5 a5 22. Ne4 a4 23. Nd2 Rd3 24. Nxb3 Rxb3 25. Bd4 Rd3 26. Rc4 f6
27. Re1 Kf7 28. Kf1 Rb3 29. Re4 f5 30. Re2 g6 31. f4 Be7 32. Be5 Ra5 33. Bd4
Rbb5 34. Rec2 Ra8 35. Ke2 Rba5 36. Be5 Rc8 37. R2c3 Bf6 38. Bxf6 Kxf6 39. Rb4
Rb5 40. Kd2 Rd8+ 41. Kc2 Rxb4 42. axb4 Rd4 43. Rf3 Rxb4 44. Kc3 Rb5 45. Rf2
Rxc5+ 46. Kb4 Rd5 47. Kxa4 Ke7 48. Kb4 Kd6 49. Kc3 c5 50. h3 Rd4 51. g4 b5 52.
g5 b4+ 53. Kc2 c4 54. h4 Kc5 55. h5 b3+ 56. Kc1 gxh5 57. Rh2 Rxf4 58. Rxh5 Rf1+
59. Kd2 Rf2+ 60. Kc1 Rc2+ 61. Kb1 Rg2 62. Kc1 Kb4 63. Rxh7 Rxg5 64. Rb7+ Kc5
65. Rc7+ Kd5 66. Rd7+ Ke6 67. Rd8 Rg1+ 68. Kd2 Rg2+ 69. Kc1 Rc2+ 70. Kb1 f4 71.
Rf8 Ke5 72. Re8+ Kd4 73. Re1 f3 74. Re8 Re2 75. Rd8+ Ke3 76. Re8+ Kf2 0-1

[Event "XXV Miedzynarodowy Turniej im. Tadeusza "]
[Site "Police"]
[Date "2010.07.12"]
[Round "6.2"]
[White "Stern, Rene"]
[Black "Grabarczyk, Miroslaw"]
[Result "1/2-1/2"]
[WhiteElo "2490"]
[BlackElo "2456"]
[PlyCount "81"]
[EventDate "2010.??.??"]

1. d4 d5 2. c4 c6 3. cxd5 cxd5 4. Nf3 Nc6 5. Nc3 Nf6 6. Bf4 a6 7. e3 Bg4 8. h3
Bxf3 9. Qxf3 e6 10. Bd3 Bd6 11. Bg5 h6 12. Bxf6 Qxf6 13. Qxf6 gxf6 14. Rc1 Rc8
15. Ke2 Ke7 16. f4 Na7 17. Kf3 Bb4 18. Ne2 Rxc1 19. Rxc1 Rc8 20. Rd1 Bd6 21. g4
Nc6 22. Bb1 Na5 23. h4 Nc4 24. b3 Na5 25. e4 dxe4+ 26. Bxe4 Nc6 27. d5 Nb4 28.
dxe6 fxe6 29. Rd2 Rc7 30. a3 Nc6 31. b4 Na7 32. Rd3 Nb5 33. a4 Na7 34. b5 axb5
35. axb5 Nxb5 36. Rb3 Na3 37. Rxb7 Rxb7 38. Bxb7 Nc4 39. Nd4 Bc5 40. Nb3 Bb6
41. Ba6 1/2-1/2

[Event "XXV Miedzynarodowy Turniej im. Tadeusza "]
[Site "Police"]
[Date "2010.07.12"]
[Round "6.3"]
[White "Koziak, Vitali"]
[Black "Tomczak, Jacek"]
[Result "1/2-1/2"]
[WhiteElo "2470"]
[BlackElo "2509"]
[PlyCount "102"]
[EventDate "2010.??.??"]

1. d4 Nf6 2. c4 g6 3. Nc3 d5 4. cxd5 Nxd5 5. e4 Nxc3 6. bxc3 Bg7 7. Nf3 c5 8.
Be3 Qa5 9. Qd2 Nc6 10. Rb1 cxd4 11. cxd4 Qxd2+ 12. Kxd2 O-O 13. d5 Na5 14. Bd3
f5 15. Rhc1 fxe4 16. Bxe4 Bf5 17. Bxf5 Rxf5 18. Rb5 b6 19. Rc7 e6 20. Kd3 exd5
21. Rd7 Nc6 22. Rc7 Rf6 23. a3 d4 24. Bg5 Re6 25. Rd5 Rf8 26. Bd2 h6 27. Bb4
Rf7 28. Rxf7 Kxf7 29. Rd7+ Kg8 30. h4 Rf6 31. Rc7 Nxb4+ 32. axb4 Rf7 33. Rc8+
Kh7 34. b5 Bf6 35. g3 Kg7 36. Nd2 g5 37. h5 g4 38. Ne4 Be5 39. Re8 Rf3+ 40. Kc4
Bf6 41. Re6 d3 42. Rd6 Be7 43. Rg6+ Kf7 44. Rxh6 d2 45. Nxd2 Rxf2 46. Ne4 Rf5
47. Nd6+ Bxd6 48. Rxd6 Rc5+ 49. Kb4 Rxh5 50. Rd4 Rh1 51. Rxg4 Rb1+ 1/2-1/2

[Event "XXV Miedzynarodowy Turniej im. Tadeusza "]
[Site "Police"]
[Date "2010.07.12"]
[Round "6.4"]
[White "Ivanov, Mikhail M"]
[Black "Urban, Klaudiusz"]
[Result "1/2-1/2"]
[WhiteElo "2486"]
[BlackElo "2478"]
[PlyCount "55"]
[EventDate "2010.??.??"]

1. d4 Nf6 2. c4 e6 3. Nc3 Bb4 4. e3 O-O 5. Nge2 d5 6. a3 Be7 7. cxd5 exd5 8.
Nf4 a5 9. Bd3 c6 10. O-O Na6 11. f3 Nc7 12. Bc2 c5 13. dxc5 Bxc5 14. Nfe2 Re8
15. Nd4 Ne6 16. Nce2 b6 17. Re1 Ba6 18. Ba4 Rf8 19. Rb1 Qd6 20. Nc3 Rfc8 21.
Ncb5 Qd8 22. b3 Qf8 23. Ra1 Nc7 24. Nxc7 Rxc7 25. Nb5 Re7 26. Bd2 Bxb5 27. Bxb5
Re6 28. Qc1 1/2-1/2

[Event "XXV Miedzynarodowy Turniej im. Tadeusza "]
[Site "Police"]
[Date "2010.07.12"]
[Round "6.5"]
[White "Tokarczyk, Tomasz"]
[Black "Hnydiuk, Aleksander"]
[Result "1-0"]
[WhiteElo "2162"]
[BlackElo "2445"]
[PlyCount "83"]
[EventDate "2010.??.??"]

1. d4 d5 2. Nf3 Nc6 3. c4 Bg4 4. cxd5 Bxf3 5. gxf3 Qxd5 6. e3 e5 7. Nc3 Bb4 8.
Bd2 Bxc3 9. bxc3 Nge7 10. c4 Qd6 11. d5 Nb8 12. Rb1 b6 13. Qa4+ Nd7 14. Bh3 c6
15. Bxd7+ Qxd7 16. Rxb6 O-O 17. Rb3 Qh3 18. Bb4 Qxf3 19. Rg1 Qf6 20. d6 Nf5 21.
Qxc6 Rfd8 22. c5 Rac8 23. Qf3 e4 24. Qd1 Nh4 25. Rg3 Nf3+ 26. Ke2 Qe6 27. Kf1
h5 28. h3 h4 29. Rxf3 exf3 30. Qxf3 Qc4+ 31. Kg2 Rxc5 32. Bxc5 Qxc5 33. Rb7
Qg5+ 34. Kf1 Qg6 35. d7 Qa6+ 36. Kg1 Qxa2 37. Qc6 Qa1+ 38. Kg2 Qa5 39. Rc7 Qg5+
40. Kf1 Qf5 41. Rc8 Qb1+ 42. Kg2 1-0

[Event "XXV Miedzynarodowy Turniej im. Tadeusza "]
[Site "Police"]
[Date "2010.07.12"]
[Round "6.6"]
[White "Maes, Wim"]
[Black "Krivonosov, Oleg"]
[Result "1/2-1/2"]
[WhiteElo "2232"]
[BlackElo "2437"]
[PlyCount "101"]
[EventDate "2010.??.??"]

1. g3 d5 2. Bg2 Nf6 3. d3 g6 4. Nf3 Bg7 5. O-O O-O 6. Nbd2 c5 7. e4 Nc6 8. Re1
e6 9. c3 b6 10. exd5 exd5 11. Nb3 Re8 12. Bf4 Rxe1+ 13. Qxe1 Bf5 14. d4 c4 15.
Nbd2 Rc8 16. Ne5 Nxe5 17. Bxe5 Qd7 18. Nf1 Re8 19. Qd1 Be4 20. Ne3 Bxg2 21.
Kxg2 Ne4 22. Bxg7 Kxg7 23. Qe2 h5 24. h4 Nf6 25. Qf3 Re4 26. Kg1 b5 27. Ng2 a5
28. Nf4 Re8 29. a3 Qf5 30. Rc1 Re4 31. Kg2 Ne8 32. Nh3 Qd7 33. Nf4 Nc7 34. Kg1
Qf5 35. Kg2 Re7 36. Nh3 Qd7 37. Nf4 Re8 38. Kg1 Re4 39. Ng2 Qe6 40. Nf4 Qf5 41.
Kg2 Ne8 42. Nh3 Qd7 43. Nf4 Nf6 44. Ra1 Re8 45. Rc1 Qf5 46. Nh3 Qc8 47. Nf4 Qd7
48. Ra1 Re4 49. Rc1 Re8 50. Ra1 Re7 51. Rc1 1/2-1/2

[Event "XXV Miedzynarodowy Turniej im. Tadeusza "]
[Site "Police"]
[Date "2010.07.12"]
[Round "6.8"]
[White "Kula, Robert"]
[Black "Okon, Dariusz"]
[Result "0-1"]
[WhiteElo "2368"]
[BlackElo "2192"]
[PlyCount "58"]
[EventDate "2010.??.??"]

1. Nf3 d5 2. b3 Nf6 3. Bb2 Bg4 4. h3 Bxf3 5. exf3 c5 6. d4 e6 7. Bd3 cxd4 8.
Bxd4 Nc6 9. Bb2 Bb4+ 10. c3 Bd6 11. g3 Qb6 12. Nd2 h5 13. h4 O-O-O 14. Qe2 Kb8
15. a4 a5 16. b4 d4 17. Nc4 Qc7 18. b5 dxc3 19. Bxc3 Bb4 20. Rc1 Nd4 21. Qd1
Nd5 22. Bd2 Bxd2+ 23. Kxd2 Qc5 24. Rb1 Nb4 25. Nb2 Nxf3+ 26. Qxf3 Qc2+ 27. Ke3
Rxd3+ 28. Nxd3 Qxd3+ 29. Kf4 e5+ 0-1

[Event "XXV Miedzynarodowy Turniej im. Tadeusza "]
[Site "Police"]
[Date "2010.07.12"]
[Round "6.9"]
[White "Manik, Mikulas"]
[Black "Sopur, Lech"]
[Result "1-0"]
[WhiteElo "2441"]
[BlackElo "2419"]
[PlyCount "97"]
[EventDate "2010.??.??"]

1. e4 c5 2. Nf3 Nf6 3. Nc3 d5 4. exd5 Nxd5 5. Bb5+ Nc6 6. Ne5 Nxc3 7. dxc3
Qxd1+ 8. Kxd1 Bd7 9. Bxc6 Bxc6 10. Nxc6 bxc6 11. Be3 O-O-O+ 12. Ke2 e5 13. Rhb1
f5 14. b4 f4 15. Bxc5 Bxc5 16. bxc5 e4 17. Rb4 f3+ 18. gxf3 exf3+ 19. Kxf3
Rhf8+ 20. Ke2 Rd5 21. Rab1 Kd7 22. Rd4 Kc7 23. Ra4 Rxc5 24. Rxa7+ Kd6 25. Rd1+
Ke6 26. Rxg7 Rxc3 27. Rd2 Rh3 28. Rg2 Ra8 29. Rd3 Rh4 30. a3 Ra5 31. Rc3 c5 32.
h3 Kd5 33. Rg4 Rh5 34. h4 Kc6 35. a4 Ra7 36. Kf3 Rd5 37. Kg2 Kb6 38. Rcc4 Rf7
39. Rcf4 Rc7 40. Rf6+ Ka5 41. Rc4 Rd1 42. Rf8 Kb6 43. Rb8+ Kc6 44. Rf4 Ra1 45.
Rf6+ Kd5 46. Rf5+ Kd4 47. Rb3 c4 48. Re3 c3 49. Kf3 1-0

[Event "XXV Miedzynarodowy Turniej im. Tadeusza "]
[Site "Police"]
[Date "2010.07.12"]
[Round "6.10"]
[White "Przedmojski, Rafal"]
[Black "Pawlicz, Adam"]
[Result "1/2-1/2"]
[WhiteElo "2390"]
[BlackElo "2039"]
[PlyCount "109"]
[EventDate "2010.??.??"]

1. d4 d5 2. c4 e6 3. g3 Nf6 4. Bg2 dxc4 5. Qa4+ Bd7 6. Qxc4 Bc6 7. Nf3 Bd5 8.
Qc2 Be4 9. Qd1 c5 10. Nc3 Bc6 11. O-O Nbd7 12. Be3 Nd5 13. Bg5 Nxc3 14. bxc3
Be7 15. Bxe7 Qxe7 16. Re1 Be4 17. Qb3 O-O 18. Nd2 Bxg2 19. Kxg2 cxd4 20. cxd4
Nf6 21. e4 Rfd8 22. Nf3 b6 23. h3 Qb7 24. Qe3 Rac8 25. Re2 b5 26. a3 Rc4 27.
Rd1 Qb6 28. Rd3 h6 29. g4 b4 30. axb4 Rxb4 31. Red2 a5 32. Ne5 Nd7 33. Qf4 Nxe5
34. Qxe5 f6 35. Qh5 Rbxd4 36. Rxd4 Rxd4 37. Qe8+ Kh7 38. Rxd4 Qxd4 39. Qxe6 Qc5
40. Qe8 Qe5 41. Qc6 Qb8 42. h4 Qf4 43. f3 Qd2+ 44. Kh3 Qd1 45. Kg3 a4 46. Qc5
Qb3 47. Qf5+ Kh8 48. Qc8+ Qg8 49. Qa6 Qe8 50. h5 Qe5+ 51. Kg2 Qb2+ 52. Kg3 Qb4
53. Qc8+ Kh7 54. Qf5+ Kg8 55. Qe6+ 1/2-1/2

[Event "XXV Miedzynarodowy Turniej im. Tadeusza "]
[Site "Police"]
[Date "2010.07.12"]
[Round "6.11"]
[White "Nguyen, Piotr"]
[Black "Korbal, Arkadiusz"]
[Result "1-0"]
[WhiteElo "2372"]
[BlackElo "2016"]
[PlyCount "73"]
[EventDate "2010.??.??"]

1. Nf3 Nf6 2. c4 e6 3. Nc3 d5 4. d4 Bb4 5. Bg5 h6 6. Bh4 g5 7. Bg3 Ne4 8. Nd2
Nxc3 9. bxc3 Bxc3 10. Rc1 Bxd2+ 11. Qxd2 Nc6 12. h4 g4 13. Qf4 e5 14. dxe5 Be6
15. Rd1 Nb4 16. Qd2 c5 17. a3 dxc4 18. Qxd8+ Rxd8 19. Rxd8+ Kxd8 20. axb4 cxb4
21. e4 b3 22. Kd2 Kc7 23. Be2 a5 24. Ra1 Ra8 25. Kc3 b5 26. Kb2 b4 27. Bxc4
Bxc4 28. Rc1 Kb6 29. Rxc4 Kb5 30. Rc1 a4 31. e6 fxe6 32. Bd6 Ra6 33. Rc5+ Kb6
34. Rc1 Kb5 35. Bf8 h5 36. Rc5+ Kb6 37. Re5 1-0

[Event "XXV Miedzynarodowy Turniej im. Tadeusza "]
[Site "Police"]
[Date "2010.07.12"]
[Round "6.12"]
[White "Jacek, Krystian"]
[Black "Graf, Pawel"]
[Result "0-1"]
[WhiteElo "2055"]
[BlackElo "2137"]
[PlyCount "68"]
[EventDate "2010.??.??"]

1. e4 e6 2. d4 d5 3. Nc3 Nf6 4. e5 Nfd7 5. f4 c5 6. Nf3 a6 7. Be3 Qb6 8. Na4
Qa5+ 9. c3 cxd4 10. b4 Qc7 11. Bxd4 Nc6 12. a3 b5 13. Nb2 Nxd4 14. Qxd4 Nb6 15.
Bd3 Be7 16. a4 Nc4 17. Nxc4 bxc4 18. Bc2 a5 19. b5 O-O 20. Qe3 Bc5 21. Nd4 Bd7
22. Ke2 Qb6 23. g4 f6 24. Qh3 h6 25. Nf3 Bf2 26. Nd2 fxe5 27. fxe5 Rf4 28. Qh5
Qe3+ 29. Kd1 Be8 30. Bg6 Bxg6 31. Qxg6 Qxe5 32. Rc1 Rf6 33. Qc2 Qe3 34. Nf1
Qf3+ 0-1

[Event "XXV Miedzynarodowy Turniej im. Tadeusza "]
[Site "Police"]
[Date "2010.07.12"]
[Round "6.13"]
[White "Krasowski, Slawomir"]
[Black "Maniocha, Andrzej"]
[Result "0-1"]
[WhiteElo "1995"]
[BlackElo "2211"]
[PlyCount "142"]
[EventDate "2010.??.??"]

1. e4 c5 2. Nf3 a6 3. Nc3 d6 4. d4 cxd4 5. Nxd4 Nf6 6. Be2 g6 7. Be3 Bg7 8. Qd2
Nc6 9. Nxc6 bxc6 10. f3 O-O 11. O-O Rb8 12. Rab1 Qc7 13. g4 Rd8 14. g5 Nd7 15.
f4 e6 16. Na4 d5 17. e5 c5 18. Qc3 Bf8 19. b3 Bb7 20. Bd2 Be7 21. Qg3 Qc6 22.
h4 c4 23. h5 Rdc8 24. hxg6 fxg6 25. Qh3 Rc7 26. Bg4 Nf8 27. Ba5 Rd7 28. Bf3
Bc5+ 29. Kh2 Rf7 30. Bd2 Be7 31. Be3 a5 32. Ba7 Ra8 33. Be3 Ba6 34. Rfd1 Rb8
35. Kg3 Qc7 36. Bg4 Bc8 37. Bd4 cxb3 38. cxb3 Qc2 39. Rb2 Qe4 40. Rf2 Bb4 41.
Bf3 Qxf4+ 42. Kg2 Qxg5+ 43. Kh1 Bd7 44. Nc5 Qe7 45. Nxd7 Qxd7 46. Rc2 Rc8 47.
Rxc8 Qxc8 48. Bxd5 Qc2 49. Bf3 Qxa2 50. Bg4 Qc2 51. Qd3 Qxd3 52. Rxd3 Rd7 53.
Rd1 h5 54. Be2 Kg7 55. Kg2 Nh7 56. Kg3 Ng5 57. Kf4 Nf7 58. Ke4 Rd8 59. Rf1 Rc8
60. Bc4 a4 61. Ke3 Ng5 62. Rf6 axb3 63. Bxb3 Rc6 64. Ba4 Ra6 65. Be8 Ra3+ 66.
Ke2 Be7 67. Rxg6+ Kf8 68. Bd7 Kf7 69. Rh6 Nh3 70. Be3 Rxe3+ 71. Kxe3 Bg5+ 0-1

[Event "XXV Miedzynarodowy Turniej im. Tadeusza "]
[Site "Police"]
[Date "2010.07.12"]
[Round "6.14"]
[White "Jacek, Roksana"]
[Black "Bieluszewski, Piotr"]
[Result "1/2-1/2"]
[WhiteElo "1702"]
[BlackElo "2173"]
[PlyCount "70"]
[EventDate "2010.??.??"]

1. e4 c5 2. c3 d5 3. exd5 Qxd5 4. d4 Nf6 5. Nf3 e6 6. Be3 cxd4 7. cxd4 Bb4+ 8.
Nc3 Qa5 9. Bd2 O-O 10. Bd3 Nc6 11. a3 Be7 12. O-O Qd8 13. Be3 b6 14. Rc1 Bb7
15. Bb1 Rc8 16. Qd3 g6 17. Rfd1 Na5 18. Bh6 Re8 19. Ba2 Nd5 20. Nxd5 exd5 21.
Ne5 Rxc1 22. Rxc1 Bg5 23. Bxg5 Qxg5 24. Rc7 Re7 25. Rxe7 Qxe7 26. b4 Nc6 27.
Bxd5 Nxb4 28. Bxf7+ Qxf7 29. axb4 Qe6 30. h3 Kg7 31. Qc3 Kg8 32. Qc7 Qd5 33.
Nf3 Qc6 34. Qb8+ Kg7 35. Qe5+ Kg8 1/2-1/2

[Event "XXV Miedzynarodowy Turniej im. Tadeusza "]
[Site "Police"]
[Date "2010.07.12"]
[Round "6.15"]
[White "Radwan, Leszek"]
[Black "Aglave, Arnaud"]
[Result "1/2-1/2"]
[WhiteElo "2138"]
[BlackElo "2086"]
[PlyCount "39"]
[EventDate "2010.??.??"]

1. Nf3 d5 2. d4 Nf6 3. c4 e6 4. Nc3 Be7 5. e3 O-O 6. Bd3 b6 7. O-O Bb7 8. Qe2
Nbd7 9. Rd1 c5 10. b3 Ne4 11. Bb2 Bf6 12. Rac1 Qe7 13. cxd5 exd5 14. Ba6 Nxc3
15. Bxc3 Bxa6 16. Qxa6 Rfd8 17. Qe2 Rac8 18. dxc5 Bxc3 19. Rxc3 Rxc5 20. Rxc5
1/2-1/2

[Event "XXV Miedzynarodowy Turniej im. Tadeusza "]
[Site "Police"]
[Date "2010.07.12"]
[Round "6.16"]
[White "Zschaebitz, Klaus"]
[Black "Kostyra, Mariusz"]
[Result "0-1"]
[WhiteElo "2084"]
[BlackElo "2181"]
[PlyCount "118"]
[EventDate "2010.??.??"]

1. d4 Nf6 2. c4 g6 3. Nc3 Bg7 4. Nf3 O-O 5. Bg5 d6 6. e3 Nbd7 7. Qc2 c6 8. Rd1
Qe8 9. Be2 e5 10. dxe5 dxe5 11. b4 h6 12. Bh4 Nh7 13. Nd2 f5 14. f3 g5 15. Bf2
Ndf6 16. e4 f4 17. c5 h5 18. Nc4 g4 19. Nd6 Qg6 20. Bc4+ Kh8 21. Bh4 gxf3 22.
gxf3 Bh3 23. Qf2 Bh6 24. Rg1 Bg5 25. Ke2 Ng4 26. fxg4 Bxg4+ 27. Kd2 Bxd1 28.
Rxd1 f3+ 29. Kc2 Bxh4 30. Qxh4 f2 31. Nf5 Rxf5 32. exf5 Qxf5+ 33. Ne4 Rf8 34.
Bd3 Qf7 35. Kb2 Qf3 36. Kc2 Nf6 37. Qxf2 Qxf2+ 38. Nxf2 Nd5 39. Rd2 Nxb4+ 40.
Kb3 Nd5 41. Be4 Rf4 42. a3 Nf6 43. Bg2 e4 44. Nd1 Kg7 45. Rf2 Rg4 46. Ne3 Rg5
47. Rf5 Kg6 48. Rxg5+ Kxg5 49. Kc3 Kf4 50. Kd4 b6 51. Nc2 bxc5+ 52. Kxc5 Ng4
53. Kd4 Nxh2 54. Ne1 Nf3+ 55. Nxf3 exf3 56. Bf1 h4 57. a4 a5 58. Kd3 c5 59. Kc4
Kg3 0-1

[Event "XXV Miedzynarodowy Turniej im. Tadeusza "]
[Site "Police"]
[Date "2010.07.12"]
[Round "6.17"]
[White "Buczak, Krzysztof"]
[Black "Oleniak, Wlodzimierz"]
[Result "1-0"]
[WhiteElo "2153"]
[BlackElo "1848"]
[PlyCount "123"]
[EventDate "2010.??.??"]

1. e4 c5 2. Nf3 Nc6 3. d4 cxd4 4. Nxd4 d6 5. Nc3 Nf6 6. Bc4 e6 7. Be3 a6 8. Qe2
Qc7 9. O-O-O Be7 10. Bb3 O-O 11. g4 Nxd4 12. Rxd4 e5 13. Rc4 Qd8 14. g5 Ne8 15.
Nd5 b5 16. Rc3 Be6 17. Rg1 Kh8 18. h4 Bxd5 19. Bxd5 Rc8 20. Ra3 f5 21. f3 f4
22. Bf2 Nc7 23. Bb6 Qd7 24. Bxc7 Rxc7 25. Rxa6 Rfc8 26. Bb3 Rc5 27. h5 Bd8 28.
Rd1 Be7 29. g6 h6 30. Rb6 Bf8 31. Kb1 Qh3 32. Rg1 Qd7 33. Rc1 Be7 34. Bd5 Bd8
35. Rb7 R8c7 36. Rxc7 Bxc7 37. Qg2 b4 38. Rg1 Bb6 39. Qg4 Qd8 40. Rd1 Rc7 41.
Rd3 Bd4 42. a3 bxa3 43. Rxa3 Rc8 44. Qxc8 Qxc8 45. Ra8 Qxa8 46. Bxa8 Kg8 47. c3
Bb6 48. Kc2 Kf8 49. Kd3 Ke7 50. Bb7 Kd7 51. Kc4 Kc7 52. Ba8 Be3 53. Kd5 Bf2 54.
Ke6 Bh4 55. b4 Kb8 56. Kxd6 Kxa8 57. Kxe5 Bf6+ 58. Kxf4 Bxc3 59. b5 Kb7 60. Kf5
Kb6 61. Ke6 Kxb5 62. e5 1-0

[Event "XXV Miedzynarodowy Turniej im. Tadeusza "]
[Site "Police"]
[Date "2010.07.12"]
[Round "6.18"]
[White "Olenderek, Tomasz"]
[Black "Leszner, Liliana"]
[Result "1-0"]
[WhiteElo "2146"]
[BlackElo "2137"]
[PlyCount "77"]
[EventDate "2010.??.??"]

1. d4 Nf6 2. Nf3 c6 3. Nbd2 d6 4. e4 Qc7 5. Bd3 Nbd7 6. O-O e5 7. c3 Be7 8. Re1
O-O 9. dxe5 dxe5 10. a4 Nc5 11. Bf1 Rd8 12. Qc2 a5 13. Nc4 b5 14. axb5 cxb5 15.
Ncxe5 Bd6 16. Nxf7 Qxf7 17. e5 Bb7 18. Ng5 Qb3 19. Qf5 Bc8 20. Qf3 Bg4 21. Qg3
h6 22. Nf3 Bc7 23. Bf4 Nce4 24. Qh4 Bb6 25. Be3 Bxe3 26. Rxe3 Qxb2 27. Rae1
Rac8 28. exf6 Nxf6 29. Ne5 Bh5 30. g4 Be8 31. Rf3 Rxc3 32. Rxf6 gxf6 33. Qxf6
Qd2 34. Qe6+ Kh8 35. Ng6+ Bxg6 36. Qf6+ Kg8 37. Re7 Qxf2+ 38. Kxf2 Rd2+ 39. Be2
1-0

[Event "XXV Miedzynarodowy Turniej im. Tadeusza "]
[Site "Police"]
[Date "2010.07.12"]
[Round "6.19"]
[White "Maliszewski, Jaroslaw"]
[Black "Metelski, Jerzy"]
[Result "1-0"]
[WhiteElo "1871"]
[BlackElo "1824"]
[PlyCount "53"]
[EventDate "2010.??.??"]

1. c4 e5 2. Nc3 Nf6 3. Nf3 Nc6 4. g3 d5 5. cxd5 Nxd5 6. Bg2 Be6 7. a3 Be7 8. b4
a6 9. Bb2 O-O 10. Rc1 Qd7 11. Ne4 Bh3 12. O-O Bxg2 13. Kxg2 f6 14. d4 exd4 15.
Nxd4 Nxd4 16. Bxd4 Kh8 17. Bc5 Qe6 18. Qc2 Rfe8 19. Rfd1 Bf8 20. Bxf8 Rxf8 21.
Nc5 Qc6 22. e4 Ne7 23. Qe2 Rad8 24. Nd7 Qe6 25. Nxf8 Rxf8 26. Rxc7 Re8 27. Qc4
1-0

[Event "XXV Miedzynarodowy Turniej im. Tadeusza "]
[Site "Police"]
[Date "2010.07.13"]
[Round "7.1"]
[White "Tomczak, Jacek"]
[Black "Shishkin, Vadim"]
[Result "1/2-1/2"]
[WhiteElo "2509"]
[BlackElo "2471"]
[PlyCount "91"]
[EventDate "2010.??.??"]

1. e4 c5 2. Nf3 Nc6 3. d4 cxd4 4. Nxd4 Nf6 5. Nc3 d6 6. Bc4 e6 7. O-O Be7 8.
Be3 O-O 9. Bb3 Bd7 10. f4 Nxd4 11. Bxd4 Bc6 12. Qd3 b5 13. e5 dxe5 14. fxe5 Nd7
15. Qe3 a5 16. a4 bxa4 17. Bxa4 Rc8 18. Bb3 Bb4 19. Na4 Qh4 20. c3 Be7 21. Rf4
Qh6 22. Qg3 Rb8 23. Bc2 Bxa4 24. Bxa4 Nc5 25. Bd1 Rxb2 26. Rxa5 Rb1 27. Rf1 Qd2
28. Qe1 Qxe1 29. Rxe1 Rc8 30. Rf1 g6 31. Ra7 Rb7 32. Rxb7 Nxb7 33. Kf2 Bc5 34.
Bf3 Bxd4+ 35. cxd4 Nd8 36. Ke3 Nc6 37. Rb1 Ne7 38. Kd3 Rc7 39. Rb7 Rxb7 40.
Bxb7 h5 41. Kc4 Kf8 42. Kc5 Nf5 43. Be4 Ng7 44. Kd6 Ke8 45. g3 Kd8 46. Bd3
1/2-1/2

[Event "XXV Miedzynarodowy Turniej im. Tadeusza "]
[Site "Police"]
[Date "2010.07.13"]
[Round "7.2"]
[White "Grabarczyk, Miroslaw"]
[Black "Ivanov, Mikhail M"]
[Result "1/2-1/2"]
[WhiteElo "2456"]
[BlackElo "2486"]
[PlyCount "25"]
[EventDate "2010.??.??"]

1. d4 d5 2. c4 c6 3. cxd5 cxd5 4. Nc3 Nf6 5. Bf4 Nc6 6. e3 a6 7. Nf3 Bg4 8. Be2
e6 9. O-O Bd6 10. Bxd6 Qxd6 11. Rc1 O-O 12. h3 Bxf3 13. Bxf3 1/2-1/2

[Event "XXV Miedzynarodowy Turniej im. Tadeusza "]
[Site "Police"]
[Date "2010.07.13"]
[Round "7.3"]
[White "Malisauskas, Vidmantas"]
[Black "Koziak, Vitali"]
[Result "1/2-1/2"]
[WhiteElo "2516"]
[BlackElo "2470"]
[PlyCount "37"]
[EventDate "2010.??.??"]

1. e4 d6 2. d4 Nf6 3. Nc3 e5 4. Nf3 Nbd7 5. Bc4 Be7 6. O-O O-O 7. Re1 c6 8. a4
a5 9. b3 Nb6 10. Bd3 Re8 11. h3 Qc7 12. Bb2 Bf8 13. Qd2 Bd7 14. Rad1 exd4 15.
Nxd4 d5 16. exd5 Nbxd5 17. Nxd5 Nxd5 18. Bc4 Rxe1+ 19. Rxe1 1/2-1/2

[Event "XXV Miedzynarodowy Turniej im. Tadeusza "]
[Site "Police"]
[Date "2010.07.13"]
[Round "7.4"]
[White "Okon, Dariusz"]
[Black "Stern, Rene"]
[Result "0-1"]
[WhiteElo "2192"]
[BlackElo "2490"]
[PlyCount "40"]
[EventDate "2010.??.??"]

1. b4 e5 2. Bb2 f6 3. e4 Bxb4 4. Bc4 Nc6 5. f4 Qe7 6. f5 g6 7. Nf3 d6 8. Nh4
Qg7 9. c3 Ba5 10. d4 Bd7 11. O-O Bb6 12. Kh1 O-O-O 13. Be6 exd4 14. cxd4 Bxe6
15. fxe6 f5 16. exf5 Bxd4 17. e7 Bxb2 18. exd8=Q+ Kxd8 19. fxg6 hxg6 20. Nd2
Bxa1 0-1

[Event "XXV Miedzynarodowy Turniej im. Tadeusza "]
[Site "Police"]
[Date "2010.07.13"]
[Round "7.6"]
[White "Krysztofiak, Marcin"]
[Black "Tokarczyk, Tomasz"]
[Result "1-0"]
[WhiteElo "2436"]
[BlackElo "2162"]
[PlyCount "83"]
[EventDate "2010.??.??"]

1. c4 c6 2. Nf3 d5 3. b3 Nf6 4. Bb2 Bg4 5. g3 Nbd7 6. Bg2 e6 7. O-O Bd6 8. d4
O-O 9. Nbd2 Qe7 10. Ne5 Bh5 11. a3 a5 12. Qe1 Bg6 13. Nxg6 hxg6 14. e4 dxe4 15.
Nxe4 Nxe4 16. Qxe4 e5 17. Rfe1 Rfe8 18. Qc2 Qd8 19. c5 Bf8 20. b4 axb4 21. axb4
exd4 22. Bxd4 Rxa1 23. Rxa1 Be7 24. Ra7 Bf6 25. Be3 Qb8 26. Qa2 Nf8 27. b5 Re7
28. bxc6 bxc6 29. Rxe7 Bxe7 30. Bxc6 Ne6 31. Bd5 Nxc5 32. Bxf7+ Kh7 33. Bxg6+
Kxg6 34. Bxc5 Bxc5 35. Qc2+ Kg5 36. Qxc5+ Kf6 37. Qd4+ Kg6 38. Qe4+ Kf6 39. h4
Qc8 40. Kg2 Qd7 41. h5 Qa7 42. Qf4+ 1-0

[Event "XXV Miedzynarodowy Turniej im. Tadeusza "]
[Site "Police"]
[Date "2010.07.13"]
[Round "7.7"]
[White "Hnydiuk, Aleksander"]
[Black "Maes, Wim"]
[Result "1/2-1/2"]
[WhiteElo "2445"]
[BlackElo "2232"]
[PlyCount "37"]
[EventDate "2010.??.??"]

1. e4 c5 2. Nf3 e6 3. g3 Nc6 4. Bg2 d5 5. exd5 exd5 6. O-O Nf6 7. d4 Be7 8. Be3
O-O 9. dxc5 Ne4 10. Nbd2 Nxc5 11. Nb3 Na4 12. Rb1 Bf5 13. Nfd4 Bg6 14. Qe2 Nb6
15. Rbd1 Re8 16. Qb5 Rc8 17. c3 Ne5 18. Ne2 Nec4 19. Bxb6 1/2-1/2

[Event "XXV Miedzynarodowy Turniej im. Tadeusza "]
[Site "Police"]
[Date "2010.07.13"]
[Round "7.9"]
[White "Graf, Pawel"]
[Black "Nguyen, Piotr"]
[Result "0-1"]
[WhiteElo "2137"]
[BlackElo "2372"]
[PlyCount "102"]
[EventDate "2010.??.??"]

1. e4 c5 2. Nf3 d6 3. d4 cxd4 4. Nxd4 Nf6 5. Nc3 g6 6. f4 Bg7 7. e5 Ng4 8. Bb5+
Kf8 9. h3 Nh6 10. g4 a6 11. Be2 Nc6 12. Be3 Ng8 13. Nxc6 bxc6 14. Qd2 d5 15.
Bc5 f6 16. Qe3 Qc7 17. e6 f5 18. Bd3 Qa5 19. gxf5 gxf5 20. Rg1 Bf6 21. Ke2 Rb8
22. Bd4 Rb4 23. Bxf6 Nxf6 24. a3 Rxb2 25. Qe5 Qc5 26. Bxf5 a5 27. Bd3 Rg8 28.
Rxg8+ Kxg8 29. f5 Qd6 30. Qxd6 exd6 31. Kf3 c5 32. Rg1+ Kf8 33. Na4 Rb8 34. Kf4
c4 35. Kg5 Ke7 36. Be2 Bd7 37. Kh6 Bxa4 38. Rg7+ Kd8 39. Rf7 Ne8 40. f6 Nxf6
41. Rxf6 Ke7 42. Rf2 Bxc2 43. Bg4 Bg6 44. h4 c3 45. Rf3 d4 46. h5 c2 47. hxg6
c1=Q+ 48. Kg7 d5 49. Rf7+ Kd6 50. Rd7+ Kc6 51. Bf3 Qg5 0-1

[Event "XXV Miedzynarodowy Turniej im. Tadeusza "]
[Site "Police"]
[Date "2010.07.13"]
[Round "7.10"]
[White "Maniocha, Andrzej"]
[Black "Przedmojski, Rafal"]
[Result "0-1"]
[WhiteElo "2211"]
[BlackElo "2390"]
[PlyCount "74"]
[EventDate "2010.??.??"]

1. d4 Nf6 2. c4 c5 3. Nf3 cxd4 4. Nxd4 e6 5. Nc3 d5 6. cxd5 Nxd5 7. e4 Nxc3 8.
bxc3 a6 9. Bd3 Be7 10. O-O O-O 11. Qe2 Nd7 12. a4 Qc7 13. Rd1 Nc5 14. Bc2 b6
15. e5 Bb7 16. Bf4 Rfd8 17. h4 Bd5 18. Bg5 h6 19. Qh5 Bxg5 20. hxg5 Qxe5 21. f4
Qxf4 22. g6 Qe3+ 23. Kh2 f5 24. Rab1 Qxc3 25. Qh4 Qe3 26. Rxb6 Qe5+ 27. Kg1 Be4
28. Nc6 Rxd1+ 29. Bxd1 Qc7 30. Ne7+ Kf8 31. Nxf5 Bxf5 32. Qb4 a5 33. Qb5 Nd7
34. Rc6 Qa7+ 35. Kh1 Rb8 36. Qc4 Rb4 37. Qc1 Rh4# 0-1